Kashmir Salateen Ke Ahad Mein (Record no. 1048)

MARC details
000 -LEADER
fixed length control field 00538nam a2200229 a 4500
020 ## - INTERNATIONAL STANDARD BOOK NUMBER
ISBN
082 00 - DEWEY DECIMAL CLASSIFICATION NUMBER
Classification number 954.6
Author Cutter MUH
100 ## - MAIN ENTRY--AUTHOR NAME
Author name Muhibul, Hasan
245 ## - TITLE STATEMENT
Title Kashmir Salateen Ke Ahad Mein
260 ## - PUBLICATION, DISTRIBUTION, ETC. (IMPRINT)
Place of publication Azamgarh
Name of publisher Matba Maarif
Year of publication 1967
300 ## - PHYSICAL DESCRIPTION
Number of Pages 456p
500 ## - GENERAL NOTE
General note includes index and biblioraphy
505 2# - FORMATTED CONTENTS NOTE
Formatted contents note Index
650 ## - SUBJECT ADDED ENTRY--TOPICAL TERM
Topical Term Kashmir-History
942 ## - ADDED ENTRY ELEMENTS (KOHA)
Koha item type Books
Holdings
Collection code Home library Current library Date acquired Cost, normal purchase price Full call number Accession Number Koha item type
  Henry Martyn Institute Library Henry Martyn Institute Library 04/10/2007 100.00 954.6 MUH 03440 Books
                   Copyright © 2026 | Henry Martyn Institute | Hyderabad | TS-500052 | INDIA | Implemented by hmi.edu.in
Hit-Count:

Powered by Koha